Zmluva medzi Českou republikou a Slovenskou republikou o vytvorení colnej únie

Úplné znenie zmluvy medzi Českou republikou a Slovenskou republikou o vytvorení colnej únie. Zmluva nadobúda platnosť 1. januára 1993.

Saved in:
Bibliographic Details
Format: Book Chapter
Language:Slovak
Subjects:
Tags: Add Tag
No Tags, Be the first to tag this record!

MARC

LEADER 00000naa a2200000 4500
001 r016281
005 20221213123128.7
041 0 |a slo 
044 |a SK 
245 1 0 |a Zmluva medzi Českou republikou a Slovenskou republikou o vytvorení colnej únie 
520 |a Úplné znenie zmluvy medzi Českou republikou a Slovenskou republikou o vytvorení colnej únie. Zmluva nadobúda platnosť 1. januára 1993. 
610 2 0 |a zmluvy o spolupráci 
610 2 0 |a únie colné 
610 2 0 |a Česko 
610 2 0 |a Slovensko 
610 2 0 |a 1993